| 000 | 00883nam a22002297a 4500 | ||
|---|---|---|---|
| 999 |
_c10386 _d10386 |
||
| 001 | 10386 | ||
| 003 | BD-JhCC | ||
| 005 | 20180519110614.0 | ||
| 008 | 180425b20082005bg ||||| |||| 00| 0 eng d | ||
| 020 | _a9847004800011 | ||
| 035 | _a(BD-JhCC)10386 | ||
| 040 |
_aBD-JhCC _dBD-JhCC |
||
| 041 | _abg | ||
| 082 |
_a332.10559 _bUSM 2008 |
||
| 100 | _aউসমানী, মাওলানা মুফতি মুহাম্মদ তাকী | ||
| 245 |
_aইসলামী ব্যাংকিং ও অর্থায়ন পদ্ধতি : _bসমস্যা সমাধান / _cমাওলানা মুফতি মুহাম্মদ তাকী উসমানী, |
||
| 260 |
_aঢাকা : _bমাকতাবাতু আশরাফ, _c2008. |
||
| 300 |
_a232 p. : _c22 cm. |
||
| 650 | _aIslamic Banking | ||
| 942 |
_2ddc _cBK |
||